[Event "FSIMA April"]
[Site "Budapest HUN"]
[Date "2009.04.04"]
[Round "1"]
[White "Kislik,E"]
[Black "Katzir,M"]
[Result "1-0"]
[WhiteElo "2314"]
[BlackElo "2279"]

1.e4 c5 2.Nf3 e6 3.d4 cxd4 4.Nxd4 Nc6 5.Nc3 Qc7 6.f4 a6 7.Nxc6 Qxc6 8.Bd3 b5
9.Qe2 Bb7 10.Bd2 Be7 11.a3 Bh4+ 12.g3 Be7 13.O-O-O O-O-O 14.Rhe1 h5 15.e5 f5
16.exf6 Nxf6 17.f5 Rhf8 18.fxe6 d5 19.Bf4 Ng4 20.Nxb5 Qb6 21.Bc7 Qe3+ 22.Qxe3 Nxe3
23.Rxe3 Bg5 24.e7 Bxe3+ 25.Kb1 Rde8 26.exf8=Q Rxf8 27.Bf5+ Rxf5 28.Nd6+ Kxc7
29.Nxf5 Bf2 30.Rf1 Bc5 31.Nxg7 Kd6 32.b4  1-0

[Event "10th TCh-RUS w"]
[Site "Dagomys RUS"]
[Date "2009.04.04"]
[Round "3"]
[White "Kovanova,B"]
[Black "Vasilevich,T"]
[Result "1/2-1/2"]
[WhiteElo "2398"]
[BlackElo "2399"]

1.e4 c5 2.Nf3 e6 3.Nc3 Nc6 4.d4 cxd4 5.Nxd4 Qc7 6.Nxc6 dxc6 7.Bd3 e5 8.O-O Be6
9.Kh1 Nf6 10.f4 exf4 11.Bxf4 Bd6 12.Ne2 O-O-O 13.Qe1 Rhe8 14.Qh4 h6 15.Rae1 Kb8
16.a3 Bc8 17.Bxd6 Qxd6 18.Ng3 Re5  1/2-1/2

[Event "XXXII Open"]
[Site "Donostia San Sebastian ESP"]
[Date "2009.04.04"]
[Round "1"]
[White "Tirado Parra,A"]
[Black "Delchev,A"]
[Result "0-1"]
[WhiteElo "1941"]
[BlackElo "2648"]

1.e4 c5 2.Nf3 e6 3.d4 cxd4 4.Nxd4 Nc6 5.Nc3 Qc7 6.Be3 a6 7.Be2 Nf6 8.O-O Bb4
9.f3 O-O 10.g4 d6 11.g5 Nd7 12.f4 Bc5 13.Na4 Ba7 14.c4 e5 15.Nf5 Bxe3+ 16.Nxe3 exf4
17.Rxf4 Nde5 18.Nd5 Qd8 19.h4 Ng6 20.Nab6 Nxf4 21.Nxa8 Nxd5 22.cxd5 Ne5 23.Rc1 Bd7
24.Nc7 Ng6 25.Qe1 Qe7 26.h5 Nf4 27.Bf1 Nxh5  0-1

[Event "10th TCh-RUS w"]
[Site "Dagomys RUS"]
[Date "2009.04.05"]
[Round "4"]
[White "Kosintseva,N"]
[Black "Sharevich,A"]
[Result "1/2-1/2"]
[WhiteElo "2491"]
[BlackElo "2358"]

1.e4 c5 2.Nf3 e6 3.d4 cxd4 4.Nxd4 Nc6 5.Nc3 Qc7 6.Be3 a6 7.Qd2 Nf6 8.O-O-O Bb4
9.f3 Na5 10.Kb1 Bxc3 11.Qxc3 Qxc3 12.bxc3 d5 13.Nb3 Nxb3 14.axb3 dxe4 15.Bd4 Bd7
16.fxe4 Nxe4 17.Bxg7 Rg8 18.Bd4 Bc6 19.Rg1 Rd8 20.Rd3 f5 21.Kb2 Kf7 22.Be2 Nf6
23.g3 Be4 24.Rdd1 Nd7 25.c4 e5 26.Be3 Ke6 27.Rgf1 Nf6 28.Bd3 Bxd3 29.cxd3 h5
30.d4 exd4 31.Bxd4 Ne4 32.Be3 Rxd1 33.Rxd1 h4 34.Bf4 hxg3 35.hxg3 Rh8 36.Ka3 b6
37.Rd5 Rg8 38.Kb4 a5+ 39.Ka3 Nxg3 40.Rd6+ Ke7 41.Rxb6 Ne2 42.Be3 f4 43.Bc5+ Kd7
44.Rd6+ Kc8 45.Rf6 Rg3 46.Ka4 Nc1 47.Rxf4 Nxb3 48.Bf2 Rh3 49.Kb5 Kd7 50.c5 Rh5
51.Rf3 a4 52.Rc3 Rf5 53.Be3 Ke6 54.Kxa4 Nxc5+ 55.Bxc5 Kd5 56.Kb5 Rf1 57.Rd3+ Ke4
58.Rd8 Rb1+ 59.Kc6 Rh1 60.Re8+ Kd3 61.Bd6 Rh5 62.Re6 Kc4 63.Re4+ Kd3 64.Rg4 Kc3
65.Bc5 Rh7 66.Bd4+ Kd3 67.Be5 Re7 68.Kd5 Rd7+ 69.Bd6 Rd8 70.Rg3+ Ke2 71.Ke5 Rd7
72.Ra3 Rd8 73.Bc5 Rd3 74.Ra2+ Rd2 75.Ra4 Rd8 76.Ke4 Re8+ 77.Kf4 Kd3 78.Bd6 Rd8
79.Ke5 Re8+ 80.Kd5 Rd8 81.Ra3+ Ke2 82.Ke5 Rd7 83.Rh3 Kd2 84.Bc5 Rd3 85.Rh2+ Kc3
86.Bd6 Kb3 87.Bc5 Kc4 88.Bb6 Rg3 89.Bd4 Rg5+ 90.Kf4 Rd5 91.Be5 Rd1 92.Rc2+ Kd5
93.Kf5 Rd3 94.Rc8 Rf3+ 95.Bf4 Rf1 96.Rd8+ Kc6 97.Rd4 Kc5 98.Rd2 Kc6 99.Ke4  1/2-1/2

[Event "16th TCh-RUS HL"]
[Site "Dagomys RUS"]
[Date "2009.04.05"]
[Round "4"]
[White "Geller,J"]
[Black "Ulko,J"]
[Result "1-0"]
[WhiteElo "2525"]
[BlackElo "2489"]

1.e4 c5 2.Nc3 e6 3.Nf3 Nc6 4.d4 cxd4 5.Nxd4 d6 6.g4 Nge7 7.Be3 a6 8.Nb3 b5
9.f4 Bb7 10.Qd2 Na5 11.Nxa5 Qxa5 12.Qf2 Qc7 13.Bg2 Rc8 14.O-O-O Nc6 15.g5 g6
16.f5 b4 17.Bb6 Qe7 18.f6 Qd7 19.Na4 Ne5 20.Nc5 Qc6 21.Nxb7 Qxb7 22.Bd4 h6
23.h4 hxg5 24.hxg5 Rxh1 25.Bxh1 Qb5 26.Kb1 Nc6 27.Be3 Ne5 28.Bf4 a5 29.Bg2 Rc5
30.Bf1 Qb7 31.Qg2 Qb8 32.Be3 Rc7 33.b3 Qb7 34.Bd4 Nd7 35.Bc4 Nc5 36.Re1 Kd8
37.Qh1 Ke8 38.Qh8 Rc8 39.Bxc5 dxc5 40.Rd1 Rb8 41.Qg8 Qc6 42.Rh1  1-0

[Event "TCh-HUN 2008-9"]
[Site "Decs HUN"]
[Date "2009.04.05"]
[Round "10"]
[White "Llaneza Vega,M"]
[Black "Roganovic,Milo"]
[Result "1-0"]
[WhiteElo "2484"]
[BlackElo "2458"]

1.e4 c5 2.Nf3 Nc6 3.Nc3 e6 4.d4 cxd4 5.Nxd4 Nf6 6.Ndb5 d6 7.Bf4 e5 8.Bg5 a6
9.Na3 b5 10.Bxf6 gxf6 11.Nd5 Bg7 12.g3 f5 13.Bg2 f4 14.c3 Ne7 15.gxf4 Nxd5
16.Qxd5 Be6 17.Qc6+ Ke7 18.f5 Qb8 19.fxe6 fxe6 20.Nc2 Rc8 21.Nb4 a5 22.Nd5+ Kf8
23.Qd7 exd5 24.Rd1 d4 25.Rd3 Ra7 26.Qe6 Rf7 27.Bh3 Re8 28.Qd5 Qb7 29.Qxd6+ Kg8
30.f3 Kh8 31.O-O Bf8 32.Qd5 Qxd5 33.exd5 Bc5 34.cxd4 Bxd4+ 35.Kh1 Rd8 36.b3 Rc7
37.Be6 Rc2 38.f4 b4 39.f5 Bc5 40.f6 Rc3 41.Rd2 e4 42.Rg2 Rf3 43.Rc1 Be3 44.Re1 Bf2
45.f7 Rxf7 46.Rf1 e3 47.Bxf7 e2 48.Rgxf2  1-0

[Event "ch-SRB"]
[Site "Kragujevac SRB"]
[Date "2009.04.05"]
[Round "4"]
[White "Pikula,D"]
[Black "Rajkovic,Du"]
[Result "1/2-1/2"]
[WhiteElo "2568"]
[BlackElo "2486"]

1.e4 c5 2.Nf3 e6 3.d4 cxd4 4.Nxd4 Nc6 5.Nc3 Qc7 6.Be3 a6 7.Qd2 Nf6 8.O-O-O Bb4
9.f3 Na5 10.Kb1 Nc4 11.Bxc4 Qxc4 12.Nde2 O-O 13.Bd4 Be7 14.e5 Ne8 15.f4 b5
16.Ng3 d6 17.exd6 Nxd6  1/2-1/2

[Event "15th Festival Open A"]
[Site "Zupanja CRO"]
[Date "2009.04.05"]
[Round "2"]
[White "Zufic,M"]
[Black "Markus,Rob"]
[Result "1/2-1/2"]
[WhiteElo "2439"]
[BlackElo "2606"]

1.e4 c5 2.Nf3 e6 3.d4 cxd4 4.Nxd4 Nc6 5.Nc3 Qc7 6.Be3 Nf6 7.Be2 Be7 8.O-O O-O
9.f4 d6 10.Kh1 Nxd4 11.Bxd4 e5 12.Be3 b6 13.Bd3 Bb7 14.Qf3 Bc6 15.Rad1 Rae8
16.fxe5 dxe5 17.Bg5 Nd7 18.Bxe7 Rxe7 19.Bc4 Nf6 20.Qe2 Rd8 21.Rxd8+ Qxd8
22.Rd1 Rd7 23.Rxd7 Qxd7 24.Bd5 g6 25.Qc4 Bxd5 26.Nxd5 Kg7  1/2-1/2

[Event "XXXII Open"]
[Site "Donostia San Sebastian ESP"]
[Date "2009.04.06"]
[Round "3"]
[White "Alsina Leal,D"]
[Black "Andres Gonzalez,I"]
[Result "1-0"]
[WhiteElo "2503"]
[BlackElo "2364"]

1.e4 c5 2.Nf3 Nc6 3.d4 cxd4 4.Nxd4 e6 5.Nc3 Qc7 6.Be2 Nf6 7.O-O a6 8.Be3 b5
9.Nxc6 dxc6 10.f4 e5 11.fxe5 Qxe5 12.Kh1 Bb4 13.Bd4 Qe7 14.e5 Nd5 15.Ne4 Qh4
16.Nd6+ Bxd6 17.exd6 O-O 18.Qd2 Be6 19.b3 b4 20.a3 a5 21.Bc4 Rfd8 22.Bc5 Rab8
23.axb4 axb4 24.Ra6 Rdc8 25.Ra7 Rd8 26.Qe1 Qg5 27.Qf2 Nf6 28.Bxe6 fxe6 29.Be3 Qg6
30.Bf4 Rb5 31.Qg3 Qxg3 32.Bxg3 e5 33.Re7 Rxd6 34.Bxe5 Rd2 35.c4 bxc3 36.Bxc3 Rd3
37.Bxf6 gxf6 38.h3 Rdxb3 39.Rxf6 Rb7 40.Re8+ Kg7 41.Rxc6 R3b6 42.Rcc8 Rg6
43.Re2 Rgb6 44.Kh2 Rg6 45.Ra2 Rgb6 46.h4 Rb2 47.Raa8 R2b6 48.Kh3 Rg6 49.Ra3 Rf6
50.g3 Rg6 51.h5 Rg5 52.Kh4 Rgb5 53.Raa8 Rb4+ 54.g4 Rf7 55.Rg8+ Kf6 56.Ra6+ Ke7
57.Ra7+ Kf6 58.Ra6+ Ke7 59.Rh8 Rb7 60.Rh6 Rb5 61.R8xh7 Rxh7 62.Rxh7+ Kf6
63.Rh6+ Kg7 64.Rd6 Rb4 65.h6+ Kh7 66.Kh5 Rb5+ 67.g5 Ra5 68.Re6 Rb5 69.Re7+ Kh8
70.Kg6 Rb8 71.Kf6 Rf8+ 72.Rf7 Ra8 73.g6 Ra6+ 74.Kg5 Ra8 75.Rf5 Rb8 76.h7 Kg7
77.Rf7+ Kh8 78.Kh6 Rb6 79.Rf8+  1-0

[Event "16th TCh-RUS HL"]
[Site "Dagomys RUS"]
[Date "2009.04.07"]
[Round "6"]
[White "Galkin,A"]
[Black "Khalifman,A"]
[Result "1/2-1/2"]
[WhiteElo "2617"]
[BlackElo "2610"]

1.e4 c5 2.Nf3 e6 3.d4 cxd4 4.Nxd4 Nc6 5.Nc3 d6 6.Be3 Nf6 7.Qe2 e5 8.Nb3 Ng4
9.Bd2 a5 10.h3 Nf6 11.a4 Be7 12.Nd5  1/2-1/2

[Event "ch-SRB"]
[Site "Kragujevac SRB"]
[Date "2009.04.07"]
[Round "6"]
[White "Sarenac,I"]
[Black "Rajkovic,Du"]
[Result "0-1"]
[WhiteElo "2320"]
[BlackElo "2486"]

1.e4 c5 2.Nf3 e6 3.d4 cxd4 4.Nxd4 Nc6 5.Nc3 Qc7 6.Be3 a6 7.Qd2 Nf6 8.O-O-O Be7
9.f3 O-O 10.g4 b5 11.g5 Ne8 12.h4 Ne5 13.Kb1 Bb7 14.h5 Rc8 15.Qg2 b4 16.Na4 f5
17.gxf6 Rxf6 18.Bd3 h6 19.Rh3 Kh8 20.Rg1 Bf8 21.f4 Nxd3 22.cxd3 d6 23.Qd2 Rb8
24.Rhg3 Qa5 25.b3 Qxh5 26.Nb6 Rd8 27.f5 exf5 28.exf5 Nc7 29.Qxb4 Re8 30.Nd7 Qh2
31.Qxb7 Rxe3 32.R3g2 Qh4 33.Nc2 Re7 34.Nxf6 Qxf6 35.Qf3 Re5 36.Rf1 Rb5 37.d4 Qf7
38.Kb2 Be7 39.Qe4 Bf6 40.Re2 Rb8 41.Qd3 a5 42.a4 Qd5 43.Rd2 Qc6 44.Qc3 Qb7
45.Rd3 Qa7 46.Qc6 Na6 47.Re1 Kh7 48.Re8 Qb7 49.Qxb7 Rxb7 50.Rc3 h5 51.Rc6 Nc5
52.Re3 Nxa4+ 53.Ka2 Nb6 54.Rxd6 h4 55.Rd3 Kh6 56.Ne3 Kg5 57.Nc4 Nc8 58.Rd5 Ne7
59.Rxa5 Nc6 60.Ra4 Nb4+ 61.Rxb4 Rxb4 62.d5 Kxf5 63.d6 Ke4 64.Re3+ Kf4 65.Re8 Rb7
66.Ne3 Ra7+ 67.Kb1 Bg5 68.Nd5+ Kg3 69.Re5 Bd8 70.Rh5 Kg4 71.Rh7 Bg5 72.Nc7 Bf6
73.Ne8 Be5 74.Nc7 g5 75.d7 Ra1+ 76.Kc2 Bxc7 77.Rh8 Ra7 78.b4 Bb6 79.d8=R Bxd8
80.Rxd8 h3  0-1

[Event "Knut Bockman Cup"]
[Site "Oslo NOR"]
[Date "2009.04.07"]
[Round "3"]
[White "Kovachev,D"]
[Black "Suntharalingam,J"]
[Result "1-0"]
[WhiteElo "2256"]
[BlackElo "1950"]

1.e4 c5 2.Nf3 e6 3.Nc3 Nc6 4.d4 cxd4 5.Nxd4 Nf6 6.Ndb5 Bb4 7.a3 Bxc3+ 8.Nxc3 d5
9.exd5 exd5 10.Bd3 O-O 11.O-O Bg4 12.f3 Be6 13.b4 Ne5 14.Bg5 h6 15.Bh4 Rc8
16.Nb5 a6 17.Nd4 Nxd3 18.Qxd3 Bd7 19.Rfe1 Qb6 20.Bf2 Qc7 21.Re7 Qc3 22.Qxc3 Rxc3
23.Bh4 Rc4 24.Bxf6 gxf6 25.Rd1 Bc6 26.Kf2 Rd8 27.Rd3 Kf8 28.Ree3 Bb5 29.Ke1 Ba4
30.Kd2 Rdc8 31.c3 Rd8 32.f4 Bb5 33.Rh3 Rc7 34.Rde3 Re7 35.Rxh6 Rxe3 36.Kxe3 Re8+
37.Kd2 Kg7 38.Nf5+ Kg8 39.Nd4 Kg7 40.Rh3 Bd7 41.Re3 Rxe3 42.Kxe3 b6 43.f5 Kh6
44.Kf4 Kh5 45.Nf3 Bb5 46.g4+ Kh6 47.h4 Bd7 48.Nd4 Ba4 49.Ne2 Bb5 50.Ng3 Be8
51.g5+ fxg5+ 52.hxg5+ Kg7 53.Nh5+ Kf8 54.Ke5 Bc6 55.Nf6  1-0

[Event "XXXII Open"]
[Site "Donostia San Sebastian ESP"]
[Date "2009.04.08"]
[Round "5"]
[White "Dobrev,Nan"]
[Black "Burton,G"]
[Result "1-0"]
[WhiteElo "2366"]
[BlackElo "2059"]

1.e4 c5 2.Nf3 e6 3.d4 cxd4 4.Nxd4 Nc6 5.Nc3 Qc7 6.Be2 a6 7.O-O Nf6 8.Kh1 d6
9.f4 Bd7 10.Bf3 Be7 11.Nb3 O-O 12.Re1 Rfe8 13.a4 Nb4 14.Be3 Rac8 15.a5 Qb8
16.Qd2 e5 17.Rac1 Be6 18.Nd5 Bxd5 19.exd5 e4 20.Bxe4 Na2 21.Bf5 Nxc1 22.Nxc1 Rc4
23.b3 Re4 24.Bxe4 Nxe4 25.Ba7 Nxd2 26.Bxb8 Kf8 27.Ba7 Rc8 28.c4 Bf6 29.Re2 Nb1
30.Na2 Nc3 31.Nxc3 Bxc3 32.Bb6 Bb4 33.Kg1 Re8 34.Kf1 Rxe2 35.Kxe2 Ke7 36.Ke3 g6
37.Kd4 Kd7 38.g4 f5 39.gxf5 gxf5 40.Ke3 Bc3 41.Kf3 Be1 42.Kg2 Ke7 43.Kh3 Bd2
44.Kg3 Be1+ 45.Bf2 Bxa5 46.Kh4 h6 47.Kh5 Bd2 48.Bg3 Kf6 49.Kxh6 b5 50.cxb5 axb5
51.Bh4+ Kf7 52.Kg5  1-0

[Event "KFP Cup"]
[Site "Frydek Mistek CZE"]
[Date "2009.04.09"]
[Round "1"]
[White "Sosovicka,J"]
[Black "Jurcik,Mari"]
[Result "0-1"]
[WhiteElo "2067"]
[BlackElo "2468"]

1.e4 c5 2.Nf3 Nc6 3.d4 cxd4 4.Nxd4 e6 5.Nc3 a6 6.Be2 Qc7 7.O-O Nf6 8.Be3 Bb4
9.f3 Bxc3 10.bxc3 Ne5 11.Qd2 h6 12.a4 d5 13.exd5 Nxd5 14.Bf4 Nxf4 15.Qxf4 Qc5
16.Qe3 O-O 17.f4 Ng6 18.Kh1 Bd7 19.Bf3 Rab8 20.Be4 Ne7 21.Nf5 Qxe3 22.Nxe3 Rfc8
23.Ra3 Bc6 24.Bxc6 Rxc6 25.Rb3 Rc7 26.Rd1 Nc6 27.Rd3 Na5 28.Rb4 Rbc8 29.Nd1 Kf8
30.g3 g6 31.Kg2 Ke7 32.Kf3 Nc6 33.Rb3 Nb8 34.Nf2 Nd7 35.Rb4 Nc5 36.Re3 Rd8
37.Nd3 Rdd7 38.Nxc5 Rxc5 39.Rd3 Rdc7 40.Ke2 Rc4 41.Kd2 a5 42.Rxc4 Rxc4 43.Rd4 Rc5
44.Kd3 g5 45.c4 g4 46.Re4 Kd6 47.Rd4+ Ke7 48.Re4 Rh5 49.Re2 Kd6 50.Kd4 Rc5
51.Re4 h5 52.Re3 b6 53.Rb3 Kc6 54.Re3 Kc7 55.Re5 Kd6 56.Re3 h4 57.Rb3 Kc6
58.Re3 Rh5 59.Re5 hxg3 60.hxg3 Rh3 61.Re3 Rh2 62.Kc3 Rf2 63.Kd3 Rf3 64.Kd4 Rxe3
65.Kxe3 Kc5 66.Kd3 Kb4 67.Kd4 Kxa4 68.c5 Kb5 69.cxb6 Kxb6 70.Kc4 Kc6 71.Kb3 Kb5
72.Ka3 f6  0-1

[Event "XXXVI Open"]
[Site "La Roda ESP"]
[Date "2009.04.09"]
[Round "3"]
[White "Antoli Royo,J"]
[Black "Cruz,Cr"]
[Result "0-1"]
[WhiteElo "2416"]
[BlackElo "2544"]

1.e4 c5 2.Nc3 e6 3.Nf3 Nc6 4.d4 cxd4 5.Nxd4 Qc7 6.Be3 a6 7.f4 b5 8.Bd3 Bb7
9.Qf3 Nxd4 10.Bxd4 Ne7 11.Qf2 Rc8 12.Bb6 Qc6 13.O-O Ng6 14.Kh1 Bc5 15.Bxc5 Qxc5
16.Qg3 O-O 17.f5 Ne5 18.Ne2 f6 19.fxe6 dxe6 20.Nf4 Qe7 21.Rad1 Nxd3 22.Qxd3 Rfd8
23.Qb3 Rxd1 24.Rxd1 Bxe4 25.c3 Re8 26.a4 Qc7  0-1

[Event "11th European Senior Team"]
[Site "Velden AUT"]
[Date "2009.04.09"]
[Round "5"]
[White "Brinck Claussen,B"]
[Black "Titz,Hei"]
[Result "1/2-1/2"]
[WhiteElo "2290"]
[BlackElo "2216"]

1.e4 c5 2.Nf3 e6 3.d4 cxd4 4.Nxd4 Nc6 5.Nc3 Qc7 6.Be2 a6 7.O-O Nf6 8.Be3 Bb4
9.Na4 Be7 10.Nxc6 bxc6 11.Nb6 Rb8 12.Nxc8 Qxc8 13.Bd4 c5 14.Be5 Rb6 15.b3 O-O
16.Qd3 d6 17.Bb2 Nd7 18.Qg3 Bf6 19.Bxf6 Nxf6 20.e5 dxe5 21.Qxe5 Rd8 22.Rad1 Rd5
23.Qg3 g6 24.Bf3 Rxd1 25.Rxd1 Kg7 26.Qe5 c4 27.Qc3 e5 28.Qxe5 cxb3 29.cxb3 Qc2
30.Qa1 h5 31.h4 a5 32.Rd7 Qf5 33.Rd5 Qf4 34.Qd4 Qc1+ 35.Qd1 Qa3 36.Rd2 Rb4
37.g3 a4 38.bxa4 Rxa4 39.Qb3 Qc1+ 40.Rd1 Qc4 41.Qxc4 Rxc4 42.Ra1 Rc3 43.Bd1 Ra3
44.Bb3 Ne4 45.Rc1 Nd2 46.Rc3 Ra7 47.Rd3 Ne4 48.Kf1 f5 49.Ke2 Kf6 50.Ke3 Re7
51.Kf3 Ra7 52.Rd8 Ke7 53.Rd4 Kf6 54.Rd8 Re7  1/2-1/2

[Event "11th European Senior Team"]
[Site "Velden AUT"]
[Date "2009.04.09"]
[Round "5"]
[White "Hoen,R"]
[Black "Jansa,Vl"]
[Result "1/2-1/2"]
[WhiteElo "2273"]
[BlackElo "2480"]

1.e4 c5 2.Nf3 e6 3.d4 cxd4 4.Nxd4 Nc6 5.Nc3 a6 6.a3 Qc7 7.Be3 b5 8.Be2 Bb7
9.O-O Nf6 10.Nxc6 Bxc6 11.Qd3 Be7 12.f4 d6 13.Bf3 O-O 14.Bd4 Rad8 15.Qe3 Nd7
16.Qf2 e5 17.fxe5 dxe5 18.Be3 Bb7 19.Rfd1 Bc5 20.Rxd7 Qxd7 21.Bxc5 Rfe8 22.b4 Qd6
23.h3  1/2-1/2

[Event "47th Doeberl Cup Premier"]
[Site "Canberra AUS"]
[Date "2009.04.10"]
[Round "4"]
[White "Fernandez,Dan SIN"]
[Black "Sandler,L"]
[Result "1/2-1/2"]
[WhiteElo "2171"]
[BlackElo "2332"]

1.e4 c5 2.Nf3 e6 3.d4 cxd4 4.Nxd4 Nc6 5.Nc3 Qc7 6.Be2 Nf6 7.O-O Be7 8.Be3 O-O
9.f4 d6 10.Bf3 a6 11.Nb3 b5 12.a3 Bb7 13.g4 Rfe8 14.Bg2 Bf8 15.g5 Nd7 16.Qh5 g6
17.Qh4 b4 18.axb4 Nxb4 19.Qf2 Rac8 20.h4 Bg7 21.h5 f5 22.hxg6 hxg6 23.Ra4 Nc6
24.exf5 gxf5 25.Qh4 Ne7 26.Rf2 Ng6 27.Qh5 Kf7 28.Nd4 Bxg2 29.Rxg2 Nc5 30.Rc4 Rh8
31.Qe2 Qb7 32.b4 Ne4 33.Nxe4 Qxe4 34.Rxc8 Rxc8 35.Qf3 Qxf3 36.Nxf3 Rc4 37.Rd2 d5
38.Rd3 Nxf4 39.Ra3 Rxb4 40.Rxa6 Re4 41.Bc5 Kg6 42.Be7 Kh5 43.Ra8 Re2 44.Bf6 Bxf6
45.gxf6 Nh3+ 46.Kf1 Rf2+ 47.Ke1 Kg6 48.Ng5  1/2-1/2

[Event "47th Doeberl Cup Premier"]
[Site "Canberra AUS"]
[Date "2009.04.10"]
[Round "4"]
[White "Akshayraj,K"]
[Black "Satyapragyan,S"]
[Result "1-0"]
[WhiteElo "2404"]
[BlackElo "2428"]

1.e4 c5 2.Nf3 Nc6 3.d4 cxd4 4.Nxd4 e6 5.Nc3 Qc7 6.Be2 a6 7.O-O Nf6 8.Kh1 Be7
9.f4 d6 10.Nxc6 bxc6 11.b3 O-O 12.Bb2 e5 13.Qd3 Nd7 14.Qg3 exf4 15.Rxf4 Ne5
16.Raf1 Be6 17.Nd1 f6 18.Ne3 Ng6 19.Nf5 a5 20.Rg4 Bd8 21.Rxg6 hxg6 22.Qxg6 a4
23.Bd3 Bxf5 24.Qxf5 g6 25.Qxg6+ Qg7 26.Qf5 Ra5 27.Qe6+ Kh8 28.e5 dxe5 29.Rf3 Qf7
30.Qh3+  1-0

[Event "XXXVI Open"]
[Site "La Roda ESP"]
[Date "2009.04.10"]
[Round "4"]
[White "Korneev,O"]
[Black "Mena Corrochano,A"]
[Result "1-0"]
[WhiteElo "2587"]
[BlackElo "2165"]

1.e4 c5 2.Nf3 e6 3.d4 cxd4 4.Nxd4 Nc6 5.Nc3 Qc7 6.Be3 a6 7.Qd2 Nf6 8.O-O-O Bb4
9.f3 Ne5 10.Nb3 b5 11.Kb1 Nc4 12.Bxc4 bxc4 13.Nc1 Rb8 14.Bf4 e5 15.Bg5 Qb6
16.Bxf6 Qxf6 17.N1e2 Ba3 18.b3 O-O 19.Nd5 Qd8 20.f4 cxb3 21.axb3 d6 22.f5 f6
23.g4 a5 24.g5 Ba6 25.gxf6 gxf6 26.Ng3 Bc4 27.Nh5 Rb7 28.Ka2 Qb8 29.bxc4 Bb4
30.c3 Qc8 31.cxb4 Qxc4+ 32.Ka1 axb4 33.Kb2 Ra8 34.Ra1 Ra3 35.Rxa3 bxa3+ 36.Ka1 Rb2
37.Ne7+ Kf8 38.Ng6+ hxg6 39.Qxd6+ Ke8 40.Nxf6+ Kf7 41.fxg6+ Kg7 42.Ne8+ Kh6
43.g7+ Kh5 44.Qxe5+ Kh4 45.Qg3+  1-0

[Event "XXXVI Open"]
[Site "La Roda ESP"]
[Date "2009.04.10"]
[Round "4"]
[White "Libiszewski,F"]
[Black "Cornette,M"]
[Result "1/2-1/2"]
[WhiteElo "2505"]
[BlackElo "2573"]

1.e4 c5 2.Nf3 e6 3.d4 cxd4 4.Nxd4 Nc6 5.Nc3 Qc7 6.Be2 a6 7.O-O b5 8.Nxc6 dxc6
9.f4 Bb7 10.Bf3 Rd8 11.Qe2 e5 12.fxe5 Qxe5 13.Bg4 Bd6 14.Bf4 Qc5+ 15.Be3 Qe5
16.Bf4 Qc5+ 17.Be3 Qe5  1/2-1/2

[Event "Trofeo Cabildo"]
[Site "Las Palmas ESP"]
[Date "2009.04.10"]
[Round "7"]
[White "Camino Carrio,N"]
[Black "Navarro Molina,D"]
[Result "1-0"]
[WhiteElo "2169"]
[BlackElo "1821"]

1.e4 c5 2.Nf3 e6 3.d4 cxd4 4.Nxd4 Nc6 5.Nc3 Qc7 6.Be3 a6 7.Qd2 b5 8.O-O-O Bb7
9.f3 Bb4 10.Kb1 Nf6 11.Nb3 Rc8 12.a3 Be7 13.g4 Ne5 14.Be2 Nexg4 15.fxg4 Nxe4
16.Nxe4 Bxe4 17.Bd3 Bxh1 18.Rxh1 O-O 19.h4 e5 20.g5 d5 21.Bf5 Rcd8 22.h5 d4
23.Bf2 Qc6 24.Rd1 Qc7 25.Bg3 Bd6 26.Qd3 g6 27.hxg6 hxg6 28.Be4 Kg7 29.Nd2 Rde8
30.Bd5 f5 31.gxf6+ Rxf6 32.Rg1 Ref8 33.Bh4 Qd7 34.Bxf6+ Rxf6 35.Ne4 Rf4 36.Nc5  1-0

[Event "Open"]
[Site "Lenk SUI"]
[Date "2009.04.10"]
[Round "2"]
[White "Mauron,P"]
[Black "Rufener,M"]
[Result "1/2-1/2"]
[WhiteElo "2129"]
[BlackElo "2329"]

1.e4 c5 2.Nf3 e6 3.d4 cxd4 4.Nxd4 Nc6 5.Nc3 a6 6.Be2 Qc7 7.O-O Nf6 8.Be3 Bb4
9.Na4 O-O 10.c4 Bd6 11.g3 Nxe4 12.c5 Be7 13.Rc1 Rd8 14.Nb6 Rb8 15.Bf4 d6
16.Nxc8 Qxc8 17.Nxc6 bxc6 18.cxd6 Bxd6 19.Qa4 Rb4 20.Qa3 Bf8 21.Qf3 c5 22.Rfd1 Rxd1+
23.Rxd1 Nf6 24.Be5 Nd5 25.b3 a5  1/2-1/2

[Event "LV Abierto Mexicano"]
[Site "Toluca MEX"]
[Date "2009.04.10"]
[Round "5"]
[White "Juarez Flores,C"]
[Black "Hernandez Guerrero,G"]
[Result "1/2-1/2"]
[WhiteElo "2365"]
[BlackElo "2543"]

1.e4 c5 2.Nf3 e6 3.d4 cxd4 4.Nxd4 Nc6 5.Nc3 Qc7 6.Be3 a6 7.Bd3 Nf6 8.O-O h5
9.h3 b5 10.Nxc6 Qxc6 11.a3 Bb7 12.Re1 Bd6 13.Bd4 e5 14.Be3 Bc5 15.Qf3 Kf8
16.Bxc5+ Qxc5 17.Rad1 h4 18.Bf1 Rh6 19.Rd2 Re8 20.Qe3 Rc8 21.Qd3 Bc6 22.Be2 Re8
23.Bf3 Re6 24.Red1 Re8 25.Re1 Re6 26.Red1  1/2-1/2

[Event "47th Doeberl Cup Premier"]
[Site "Canberra AUS"]
[Date "2009.04.11"]
[Round "6"]
[White "Lane,G"]
[Black "Neelotpal,D"]
[Result "1/2-1/2"]
[WhiteElo "2371"]
[BlackElo "2514"]

1.e4 c5 2.Nf3 e6 3.d4 cxd4 4.Nxd4 Nc6 5.Nc3 d6 6.Be2 Nf6 7.Be3 Be7 8.O-O O-O
9.f4 a6 10.a4 Qc7 11.Kh1 Re8 12.Bf3 Bd7 13.Nb3 b6 14.Qe1 Bc8 15.Qf2 Nd7 16.g4 Bf8
17.g5 Bb7 18.h4 g6 19.Rad1 Rad8 20.h5 Nb4 21.h6 Nc5 22.Bg2 Rd7 23.a5 Bc6
24.axb6 Qxb6 25.e5 Qb7 26.Nxc5 dxc5 27.Rxd7 Qxd7 28.Ne4 Bxe4 29.Bxe4 c4 30.Bc5 Nd5
31.Bxf8 Kxf8 32.Rd1 Qb5  1/2-1/2

[Event "XXXVI Open"]
[Site "La Roda ESP"]
[Date "2009.04.11"]
[Round "6"]
[White "Libiszewski,F"]
[Black "Moreno Gracia,Dan"]
[Result "1-0"]
[WhiteElo "2505"]
[BlackElo "2297"]

1.e4 c5 2.Nf3 e6 3.d4 cxd4 4.Nxd4 Nc6 5.Nc3 Qc7 6.Be2 a6 7.O-O b5 8.Nxc6 dxc6
9.a4 Rb8 10.f4 e5 11.axb5 Bc5+ 12.Kh1 axb5 13.fxe5 Be6 14.Nd5 Qd7 15.Be3 Bxe3
16.Nxe3 Qxd1 17.Bxd1 Ne7 18.Nf5 Kf8 19.Nd6 Ng6 20.Nxf7 Bxf7 21.e6 Ke7 22.exf7 Rb7
23.c3 Rf8 24.Bb3 Ne5 25.h3 Nc4 26.Bxc4 bxc4 27.Ra4 Rxb2 28.Rxc4 Rxf7 29.Rxf7+ Kxf7
30.Rxc6 Re2 31.Rc4 h5 32.Kg1 Kf6 33.Kf1 Rc2 34.Rc5 g6 35.h4 Ke6 36.Rg5 Rxc3
37.Rxg6+ Ke5 38.Rg5+ Kxe4 39.Rxh5 Ke3 40.Kg1 Rc4 41.Kh2 Kf2 42.Rf5+ Ke3 43.Kh3 Ke4
44.Rf1  1-0

[Event "XXXVI Open"]
[Site "La Roda ESP"]
[Date "2009.04.11"]
[Round "7"]
[White "Tudela Corbalan,C"]
[Black "Pogorelov,R"]
[Result "0-1"]
[WhiteElo "2226"]
[BlackElo "2420"]

1.e4 c5 2.Nf3 Nc6 3.Nc3 e6 4.d4 cxd4 5.Nxd4 Qc7 6.g3 a6 7.Bg2 Nf6 8.O-O Be7
9.Re1 Nxd4 10.Qxd4 Bc5 11.Qd1 d6 12.Be3 Bxe3 13.Rxe3 e5 14.Qd2 Be6 15.Rd1 Ke7
16.Nd5+ Bxd5 17.exd5 Rhd8 18.Bh3 Kf8 19.Qc3 Qxc3 20.Rxc3 b5 21.Rc7 b4 22.c4 bxc3
23.bxc3 Rab8 24.Rd2 Ne4 25.Re2 Nc5 26.Bf5 g6 27.f4 gxf5 28.fxe5 Ne4 29.g4 dxe5
30.gxf5 Nf6 31.c4 Rbc8 32.Ra7 Rxc4 33.Rxa6 Nxd5 34.Rxe5 Nf4  0-1

[Event "Foxwoods Open"]
[Site "Ledyard USA"]
[Date "2009.04.11"]
[Round "6"]
[White "Sammour Hasbun,J"]
[Black "Zenyuk,I"]
[Result "1-0"]
[WhiteElo "2460"]
[BlackElo "2305"]

1.e4 c5 2.Nf3 e6 3.d4 cxd4 4.Nxd4 Nc6 5.Nc3 Qc7 6.Be3 a6 7.Be2 Nf6 8.O-O Bb4
9.Na4 Be7 10.c4 Nxe4 11.c5 O-O 12.Rc1 f5 13.g3 Nxd4 14.Bxd4 Bf6 15.Bxf6 gxf6
16.Bf3 Rb8 17.Bxe4 fxe4 18.Nb6 Qe5 19.Qd6  1-0

[Event "47th Doeberl Cup Premier"]
[Site "Canberra AUS"]
[Date "2009.04.12"]
[Round "7"]
[White "Akshayraj,K"]
[Black "Johansen,D"]
[Result "0-1"]
[WhiteElo "2404"]
[BlackElo "2452"]

1.e4 c5 2.Nf3 e6 3.d4 cxd4 4.Nxd4 Nc6 5.Nc3 d6 6.Be3 Nf6 7.f3 Be7 8.Qd2 O-O
9.O-O-O a6 10.g4 Nd7 11.h4 Nde5 12.Qf2 b5 13.f4 Nxd4 14.Bxd4 Nc6 15.Bb6 Qd7
16.g5 b4 17.Nd5 exd5 18.exd5 Nb8 19.Bd3 f5 20.h5 a5 21.h6 g6 22.Qd4 Rf7 23.Rhe1 Ba6
24.Re6 Bxd3 25.Qxd3 Qb7 26.Qe3 Bf8 27.Bd4 Na6 28.b3 Nc7 29.Bb2 Nxd5 30.Qd4 Nc3
31.Bxc3 bxc3 32.Qxc3 Rc8 33.Qxa5 Rxc2+ 34.Kxc2 Qc8+ 35.Kd3 Qxe6 36.Re1 Qc8
37.Qd5 Qa6+ 38.Kc3 Qxa2 39.Re8 Qa7 40.b4 Qa3+ 41.Kc2 Qa4+  0-1

[Event "47th Doeberl Cup Premier"]
[Site "Canberra AUS"]
[Date "2009.04.12"]
[Round "8"]
[White "Reinderman,D"]
[Black "Sandler,L"]
[Result "1-0"]
[WhiteElo "2560"]
[BlackElo "2332"]

1.e4 c5 2.Nf3 e6 3.d4 cxd4 4.Nxd4 Nc6 5.Nc3 Qc7 6.Be3 Nf6 7.Be2 Be7 8.f4 d6
9.g4 O-O 10.g5 Nd7 11.O-O Nxd4 12.Qxd4 e5 13.Qd2 exf4 14.Bxf4 Nb6 15.Nb5 Qc5+
16.Rf2 Be6 17.Nxd6 Rad8 18.e5 Bxd6 19.exd6 Nd5 20.Bg3 Ne3 21.b4 Qb6 22.a4 Nf5
23.a5 Qc6 24.Bf3 Qb5 25.Bf4 Rd7 26.Re1 Rc8 27.Re5 Qa4 28.Bd5 Bxd5 29.Rxd5 Nh4
30.Bg3 Ng6 31.Rdf5 Nf8 32.h4 Ne6 33.Kh2 a6 34.h5 Rc4 35.Qe2 Rc8 36.g6 Nd4
37.Rc5 Rf8 38.Qg4 Qxb4 39.Rd5 Nxc2 40.Qxd7 Ne3 41.gxf7+ Kh8 42.Qe7  1-0

[Event "XXXVI Open"]
[Site "La Roda ESP"]
[Date "2009.04.12"]
[Round "8"]
[White "Libiszewski,F"]
[Black "Ramiro Ovejero,J"]
[Result "1-0"]
[WhiteElo "2505"]
[BlackElo "2383"]

1.e4 c5 2.Nf3 e6 3.d4 cxd4 4.Nxd4 Nc6 5.Nc3 Qc7 6.Be2 a6 7.O-O Nf6 8.Kh1 Nxd4
9.Qxd4 Bc5 10.Qd3 b5 11.f4 Bb7 12.Bf3 h5 13.e5 Ng4 14.Bxb7 Qxb7 15.Ne4 Rc8
16.a4 b4 17.c4 Qc6 18.b3 h4 19.Nxc5 Qxc5 20.Qf3 Nh6 21.Be3 Qc6 22.a5 Nf5
23.Bb6 h3 24.Qxc6 Rxc6 25.g4 Ne7 26.Ra4 Rh4 27.Rg1 d5 28.Rxb4 dxc4 29.bxc4 f5
30.exf6 gxf6 31.Bf2 Rh7 32.g5 fxg5 33.fxg5 Kf7 34.Rb6 Kg6 35.Re1 Kxg5 36.Rxe6 Rxe6
37.Rxe6 Rf7 38.Kg1 Nf5 39.c5 Rd7 40.c6 Rd1+ 41.Re1 Rd6 42.Rc1 Rd8 43.c7 Rc8
44.Bb6 Ne7 45.Re1  1-0